Legend of the tail Choppers (1948-1998) / (Record no. 566047)
[ view plain ]
| 000 -LEADER | |
|---|---|
| fixed length control field | 00355nam a22001217a 4500 |
| 082 ## - DEWEY DECIMAL CLASSIFICATION NUMBER | |
| Classification number | 358.5491 |
| 100 ## - MAIN ENTRY--PERSONAL NAME | |
| Personal name | Ahmed, Khaleel |
| 245 ## - TITLE STATEMENT | |
| Title | Legend of the tail Choppers (1948-1998) / |
| Statement of responsibility, etc. | Khaleel Ahmed |
| 260 ## - PUBLICATION, DISTRIBUTION, ETC. | |
| Place of publication, distribution, etc. | Islamabad : |
| Name of publisher, distributor, etc. | The Army press, |
| Date of publication, distribution, etc. | 2006. |
| 300 ## - PHYSICAL DESCRIPTION | |
| Extent | 355 p. ; |
| Dimensions | 25cm. |
| 942 ## - ADDED ENTRY ELEMENTS (KOHA) | |
| Source of classification or shelving scheme | |
| Koha item type | Book |
| Withdrawn status | Lost status | Source of classification or shelving scheme | Damaged status | Not for loan | Permanent Location | Current Location | Date acquired | Source of acquisition | Total Checkouts | Full call number | Barcode | Date last seen | Date last checked out | Price effective from | Koha item type |
|---|---|---|---|---|---|---|---|---|---|---|---|---|---|---|---|
| Central Library (CL) | Central Library (CL) | 05/05/2021 | Donation | 1 | 358.5491 AHM | CL-D-1070 | 05/07/2021 | 05/07/2021 | 05/05/2021 | Book |
